书目信息 |
| 题名: |
私家园林
|
|
| 作者: | 谈一评 , 邵松 编著 | |
| 分册: | ||
| 出版信息: | 北京 中国建筑工业出版社 2011.06 |
|
| 页数: | 117页 | |
| 开本: | 23cm | |
| 丛书名: | 建筑艺术系列丛书 | |
| 单 册: | ||
| 中图分类: | K928.73 | |
| 科图分类: | ||
| 主题词: | 古典园林--gu dian yuan lin--介绍--中国 | |
| 电子资源: | ||
| ISBN: | 978-7-112-13016-0 | |
| 000 | 00870nam 2200277 450 | |
| 001 | B20110047000 | |
| 005 | 20240326112044.96 | |
| 010 | @a978-7-112-13016-0@dCNY48.00 | |
| 100 | @a20110617d2011 km y0chiy50 ea | |
| 101 | 0 | @achi |
| 102 | @aCN@b110000 | |
| 105 | @aa a 000yy | |
| 200 | 1 | @a私家园林@Asi jia yuan lin@f编著谈一评, 邵松 |
| 210 | @a北京@c中国建筑工业出版社@d2011.06 | |
| 215 | @a117页@c图@d23cm | |
| 225 | 2 | @a建筑艺术系列丛书@Ajian zhu yi shu xi lie cong shu |
| 320 | @a有书目 | |
| 330 | @a本书以图文并茂的形式介绍了中国私家园林的基本知识。 | |
| 333 | @a适合相关研究人员 | |
| 410 | 0 | @12001 @a建筑艺术系列丛书 |
| 606 | 0 | @a古典园林@Agu dian yuan lin@x介绍@y中国 |
| 690 | @aK928.73@v5 | |
| 701 | 0 | @a谈一评@Atan yi ping@4编著 |
| 701 | 0 | @a邵松@Ashao song@4编著 |
| 801 | 0 | @aCN@b河南城建学院图书馆@c20110610 |
| 905 | @dK928.73@eZ918@f5 | |
| 私家园林/编著谈一评, 邵松.-北京:中国建筑工业出版社,2011.06 |
| 117页:图;23cm.-(建筑艺术系列丛书) |
| 使用对象:适合相关研究人员 |
| ISBN 978-7-112-13016-0:CNY48.00 |
| 本书以图文并茂的形式介绍了中国私家园林的基本知识。 |
| ● |
| 相关链接 |
|
|
|
正题名:私家园林
索取号:K928.73/Z918
 
预约/预借
| 序号 | 登录号 | 条形码 | 馆藏地/架位号 | 状态 | 备注 |
| 1 | 1240783 | 212407830 | 自科二线404/309社科库 22排2列5层/ [索取号:K928.73/Z918] | 在馆 | |
| 2 | 1240784 | 212407849 | 自科二线404/309社科库 22排2列5层/ [索取号:K928.73/Z918] | 在馆 | |
| 3 | 1240785 | 212407858 | 自科二线404/309社科库 22排2列5层/ [索取号:K928.73/Z918] | 在馆 | |
| 4 | 1240786 | 212407867 | 社科库309/309社科库 19排1列4层/ [索取号:K928.73/Z918] | 在馆 | |
| 5 | 1240787 | 212407876 | 社科库309/309社科库 19排1列4层/ [索取号:K928.73/Z918] | 在馆 | |
| 6 | 1240788 | 212407885 | 自科二线404/309社科库 22排2列5层/ [索取号:K928.73/Z918] | 在馆 | |
| 7 | 1548794 | 215487943 | 社科库309/309社科库 19排1列4层/ [索取号:K928.73/Z918] | 在馆 | |
| 8 | 1548795 | 215487952 | 社科库309/309社科库 19排1列4层/ [索取号:K928.73/Z918] | 在馆 | |
| 9 | 1548796 | 215487961 | 社科库309/309社科库 19排1列4层/ [索取号:K928.73/Z918] | 在馆 | |
| 10 | 1548797 | 215487970 | 社科库309/309社科库 19排1列4层/ [索取号:K928.73/Z918] | 在馆 | |
| 11 | 1548798 | 215487989 | 社科库309/309社科库 19排1列4层/ [索取号:K928.73/Z918] | 在馆 | |
| 12 | 882440 | 208824405 | 自科二线404/309社科库 22排2列5层/ [索取号:K928.73/Z918] | 在馆 | |
| 13 | 882441 | 208824414 | 自科二线404/309社科库 22排2列5层/ [索取号:K928.73/Z918] | 在馆 | |
| 14 | 882442 | 208824423 | 自科二线404/309社科库 22排2列5层/ [索取号:K928.73/Z918] | 在馆 | |
| 15 | 882443 | 208824432 | 自科二线404/309社科库 22排2列5层/ [索取号:K928.73/Z918] | 在馆 | |
| 16 | 882444 | 208824441 | 自科二线404/309社科库 22排2列5层/ [索取号:K928.73/Z918] | 在馆 |